000
00344nam a22001577a 4500
003
OSt
008
210814b ||||| |||| 00| 0 eng d
082
_a
294.5922
_b
VAD
100
G
_a
VAIDYA, P.L.
245
_a
Dhammapada
250
_a
Ed
260
_a
Delhi
_b
Chowkhamba Pub.
_c
2005
300
_a
132
650
_a
Religious
942
_2
ddc
_c
BK
999
_c
10969
_d
10969